000 00718nam a2200205 a 4500
001 BRL_17
005 20190320210543.0
008 751015s1953####nyua######---#000-0#eng-#
040 _aDLC
_cFM
_dOCoLC
041 _aeng
044 _anyu
050 4 _aTR851
_b.H69 1953
245 1 0 _aHow to make good movies
_ba non-technical handbook for those considering the ownership of an amateur movie camera and for those already actively engaged in the making of home movies who want to improve the interest and quality of their films.
260 _aRochester, N.Y.
_bEastman Kodak Company
_c[1953]
300 _a231 p.
_bil.
_c22 cm.
500 _aAu15
650 1 4 _aCinematografía
_922666
902 _aGRL
942 _2lcc
_cB
999 _c8830
_d8830